Dans quel Pixar se trouve ce Camion Pizza Planet ? - Statistiques

Statistiques générales
  • Ce quiz a été pris 15 fois
  • Le résultat moyen est 14 sur 36
Statistiques - réponses
Descriptions Pixar % Correct
Les Protagonistes sont au volant du camion. Toy story 2
70%
Le camion discute avec un camping-car. Cars
60%
Le camion participe à une course de démolition. Cars 3
60%
Le camion est scanné dans une décharge. Wall-E
60%
Le camion est en train de faire le plein dans une station Dinoco à l'arrière plan. Cars
50%
Le camion est au premier rang pour observer une course. Cars 2
50%
Le camion est interviewé à la télévision. Cars 2
50%
Le camion se trouve juste à côté d'une caravane de nuit. Monstres et compagnie
50%
Le camion est une sculpture en bois. Rebelle
50%
Le camion est en train de faire le plein dans une station Dinoco au premier plan. Toy story
50%
Le camion apparait sous forme d'un tatouage sur la jambe d'un employé. Toy story 4
50%
Le véhicule est garé dans un centre scientifique qui n'est pas situé sur la Terre. Buzz l'éclair
40%
Le camion se trouve au fond de l'océan. Le monde de Dory
40%
Le camion roule sur le littoral. Le monde de Nemo
40%
Le camion se trouve au sein d'une ceinture d'astéroïdes. Le voyage d'Arlo
40%
Le camion roule sur un pont en arrière plan. Ratatouille
40%
Le camion roule sous la pluie dans un flash-back d'un antagoniste. Toy story 3
40%
Le camion se trouve dans un souvenir qui vient de tomber d'une étagère. Vice-versa
40%
Le camion se trouve juste à côté d'une caravane de jour. 1001 pattes
30%
Le camion roule devant la fenêtre où regarde notre protagoniste. Coco
30%
Le camion est arrêté à un péage. En avant
30%
Le camion attend à un feu rouge de jour. Là-haut
30%
Le camion sort d'un parking. Là-haut
30%
Le camion est garée dans un parking juste en dessous d'un dirigeable. Là-haut
30%
Le camion se trouve dans les nuages. Les indestructibles
30%
Le camion est formé par des pierres qui composent un mur. Le voyage d'Arlo
30%
Le véhicule est garé sous la pluie dans une toute petite ruelle. Luca
30%
Le camion est garé en plein milieu d'une fête. Monstres Academy
30%
Le camion se trouve dans un souvenir dans un train. Vice-versa
30%
Le camion se trouve dans un souvenir au sein du quartier général. Vice-versa
30%
Le camion attend à un feu rouge de nuit. Alerte Rouge
20%
Le véhicule est garé devant une cascade artificielle Élémentaire
20%
Le véhicule est garé devant une scène de crime dans un flash-back. Les indestructibles 2
20%
Le camion se trouve dans le Grand Bazar. Soul
20%
Le camion apparait en tant que figurine dans une chambre. Vice-versa 2
20%
Le camion est bloqué dans un embouteillage sur Lombard Street. Vice-versa
10%
Aucun quiz correspondant
Distribution des résultats
% des personnes avec chaque résultat
Percentile par nombre de réponses
Votre historique - résultats
Vous n’avez pas pris ce quiz